000 00486nam a2200193Ia 4500
003 0100
008 130303s9999 xx 000 0 und d
040 _cARRUPELIB
050 _aB171.D63 1973
100 _aDodds, Eric Robertson
245 4 _aThe ancient concept of progress
245 _band other essays on greek literature and belief
260 _aOxford
260 _bThe Clarendon Press
260 _C1973
300 _avi
300 _b 218p. 22cm.
942 _2lcc
_01
999 _c60436
_d60436